000
00349 a2200169 4500
001
182511
020
_a
85-7319-266-6
040
_c
Magnum
100
_a
Caruso, Carla
240
1
0
_a
Bichos da noite
_l
por
245
1
0
_a
Bichos da noite
300
_a
21
362
0
_a
1998
440
1
_a
Dimensão
697
_a
LITERATURA INFANTIL
942
_c
BK
999
_c
182511
_d
182511